000 nam a22 a 4500
999 _c1309
_d1309
003 AKMAL
005 20170509094236.0
008 170509s1978 my a00 may d
040 _aAKMAL
_cAKMAL
082 0 4 _a297.7 AHM
090 0 0 _a297.7
_bAHM
100 0 _aAhmad bin Awang
_92588
245 1 0 _aPengetahuan agama Islam menengah tingkatan V /
_coleh Ahmad bin Awang
260 _aKuala Lumpur :
_bDewan Bahasa dan Pustaka,
_c1978
300 0 0 _axvi, 176ms. ;
_c22cm
490 0 _aSiri pelajaran menengah DBP ;
_vbil.123
650 0 _aIslam
_xStudy and teaching
_92587
942 _2ddc
_cBOOK